000 00647nam a2200217 a 4500
005 20250611063900.0
008 090423s2005 es r 000 0 spa d
020 _a8497541960
035 _aUPN01000170296
049 _aCG
050 4 _aLB3013.3
_bV6.2
100 1 _aVoors, William
245 1 0 _aBullying :
_bel acoso escolar /
_cWilliam Voors ; tr. J. A. Bravo.
260 _aBarcelona, Esp. :
_bOniro,
_c2005.
300 _a173 p.
440 3 _aEl niño y su mundo ;
_v65
534 _pTítulo original:
_tThe parent's book about bullying
650 4 _aViolencia escolar
_96675
650 4 _aAcoso en las escuelas
_91650
905 _aLibro
999 _c142401
_d142401